Normal view MARC view

Entry Personal Name

Number of records used in: 1

001 - CONTROL NUMBER

  • control field: 1236763

003 - CONTROL NUMBER IDENTIFIER

  • control field: OSt

005 - DATE AND TIME OF LATEST TRANSACTION

  • control field: 20260430150209.0

008 - FIXED-LENGTH DATA ELEMENTS

  • fixed length control field: 260430|| aca||aabn | a|a d

040 ## - CATALOGING SOURCE

  • Original cataloging agency: OSt
  • Transcribing agency: OSt

100 ## - HEADING--PERSONAL NAME

  • Personal name: Somesh Kumar Au.; Kapoor Seema Gu

670 ## - SOURCE DATA FOUND

  • Source citation: Work cat.: (OSt)1849191: Somesh Kumar Au.; Kapoor Seema Gu., Clinical,biochemical and selected mutational spectrum of mitochondrial and peroxisomal disorders in Indian patients, 2021
Copyright @ Delhi University Library System